| 000 | 00518nam a2200157 i 4500 | ||
|---|---|---|---|
| 001 | 39288 | ||
| 003 | ES-MaACL | ||
| 005 | 20230906155932.0 | ||
| 007 | t| | ||
| 008 | 030227s1961 sp ||||1| spa d | ||
| 100 | 1 |
_aCalle Iturrino, Esteban. _933706 |
|
| 245 | 1 | 3 |
_aUn artista catalán pintor de Vizcaya _b: acuarelas de "S de Albi"... / _cE. Calle Iturrino. |
| 260 |
_aBilbao : _b[s.n., _c1961] ( _fImp. Provincial de Vizcaya) |
||
| 300 |
_a22 p., 11 lám. : _bil. ; _c25 cm. |
||
| 852 |
_aES-MaACL _j2022-F-27 _bR.48796 |
||
| 999 |
_c39288 _d39288 |
||